Quebra-Cabeça - Mapa da Europa - Statistics

Estatísticas Gerais
  • Esse quiz foi jogado 17 582 vezes
  • A pontuação média é 10 de 69
Respostas no mapa
Respostas codificadas por cores de uma escala verde-vermelha no mapa do quiz de acordo com a % correta abaixo.
 
Estatísticas das Respostas
Resposta % Correto
49%
45%
39%
28%
26%
26%
25%
24%
24%
24%
21%
20%
18%
17%
17%
17%
16%
16%
14%
14%
14%
14%
13%
13%
13%
13%
13%
13%
12%
12%
12%
12%
11%
11%
11%
11%
11%
11%
11%
11%
11%
10%
10%
10%
10%
10%
10%
9%
9%
9%
9%
9%
9%
8%
8%
8%
8%
8%
8%
8%
7%
7%
7%
7%
7%
7%
7%
7%
6%
Nenhum quiz correspondente encontrado
Distribuição das Pontuações
Porcentagem de Pessoas com Cada Pontuação
Percentil de Números Respondidos
Sua Pontuação Histórica
Você não jogou esse quiz